LEADER 01489nam 2200445 450 001 9910818878503321 005 20231130174203.0 010 $a3-8382-7430-X 035 $a(CKB)4100000011431435 035 $a(MiAaPQ)EBC6335869 035 $a(PPN)253736528 035 $a(EXLCZ)994100000011431435 100 $a20210123d2020 uy 0 101 0 $aeng 135 $aurcnu|||||||| 181 $ctxt$2rdacontent 182 $cc$2rdamedia 183 $acr$2rdacarrier 200 10$aHow corruption and anti-corruption policies sustain hybrid regimes $estrategies of political domination under ukraine's presidents in 1994-2014 /$fOksana Huss, Andreas Umland, Tobias Debiel 210 1$aBerlin, Germany :$cIbidem Verlag,$d[2020] 210 4$d©2020 215 $a1 online resource (407 pages) $cillustrations 320 $aIncludes bibliographical references. 606 $aPolitical corruption$zUkraine 606 $aPolitical science 607 $aUkraine$xPolitics and government$y1991-2014 607 $aUkraine$xPolitics and government$y2014- 615 0$aPolitical corruption 615 0$aPolitical science. 676 $a378.1662 700 $aHuss$b Oksana$01598449 702 $aUmland$b Andreas 702 $aDebiel$b Tobias 801 0$bMiAaPQ 801 1$bMiAaPQ 801 2$bMiAaPQ 906 $aBOOK 912 $a9910818878503321 996 $aHow corruption and anti-corruption policies sustain hybrid regimes$93920729 997 $aUNINA LEADER 02281nam 2200493z- 450 001 9910640395703321 005 20231214132931.0 035 $a(CKB)5680000000297399 035 $a(oapen)https://directory.doabooks.org/handle/20.500.12854/96154 035 $a(EXLCZ)995680000000297399 100 $a20202301d2023 |y 0 101 0 $aeng 135 $aurmn|---annan 181 $ctxt$2rdacontent 182 $cc$2rdamedia 183 $acr$2rdacarrier 200 10$aProgress in Origen and the Origenian tradition /$fGaetano Lettieri, Maria Fallica, Anders-Christian Jacobsen (eds.) 210 $aBern$cPeter Lang International Academic Publishing Group$d2023 215 $a1 electronic resource (384 p.) 225 1 $aEarly Christianity in the Context of Antiquity 311 08$a3-631-86459-0 330 $aProgress is a structural and systematic concept in the thought of Origen of Alexandria, which represents one of the most advanced syntheses of the Christian reading of the Old and the New Testaments? legacy and the classical paideia, as well as a rational critique towards every kind of static objectification of the religious. Origen?s legacy was capable of radiating its influence through Western theology and philosophy, thus shaping its idea of theological, moral, intellectual, social and political progress. The volume follows the intellectual dynamism generated by the reception of Origen?s thought through seventeen articles, which span through the centuries, from the analysis of Origen?s thought to its reception history in the Middle Ages, the Renaissance, and the Modern Age, up until the 20th century. 606 $aChristianity$2bicssc 610 $aAnders 610 $aChristian 610 $aFallica 610 $aGaetano 610 $aJacobsen 610 $aLettieri 610 $aMaria 610 $aOrigen 610 $aOrigenian 610 $aProgress 610 $aProkopé 610 $aTradition 610 $aWinkelkötter 615 7$aChristianity 702 $aLettieri$b Gaetano$f1961-, 702 $aFallica$b Maria 702 $aJacobsen$b Anders-Christian 906 $aBOOK 912 $a9910640395703321 996 $aProgress in Origen and the Origenian tradition$94163784 997 $aUNINA